• 首页
  • 本馆介绍
  • 公告通知
  • 最新文献
  • 馆藏检索
  • 电子资源
  • 读者导购
  • 参考咨询
  • 我的图书馆
  • 登录
  • 详细信息显示
  • 放入我的书架
  • 预约/预借图书
  • 作者相关作品
  • 分类相关作品
  • 丛书相关作品
  • 出版社相关作品

书目信息

  • 表格格式
  • 工作单格式
  • 卡片格式
题名:
工程制图与计算机辅助设计
    
 
作者: 胡正飞 , 窦军 主编
分册:  
出版信息: 北京   人民邮电出版社  2018
页数: 372页
开本: 26cm
丛书名:
单 册:
中图分类: TB237
科图分类:
主题词: 工程制图--Gong Cheng Zhi Tu--计算机制图--高等学校--教材
电子资源:
ISBN: 978-7-115-30786-6
000 01091nam0 2200289 45
001 012001002896
005 20191205083812.75
010    @a978-7-115-30786-6@dCNY46.00
099    @aCAL 012013031899
100    @a20130318d2013 em y0chiy50 ea
101 0  @achi
102    @aCN@b110000
105    @aak a 000yy
106    @ar
200 1  @a工程制图与计算机辅助设计@AGong Cheng Zhi Tu Yu Ji Suan Ji Fu Zhu She Ji@f胡正飞, 窦军主编
205    @a第2版
210    @a北京@c人民邮电出版社@d2018
215    @a372页@c图@d26cm
300    @a21世纪高等学校规划教材
320    @a有书目 (第372页)
330    @a本书是根据高等院校通信类、电子类专业的特点,采用最新颁布的国家标准编写而成的,内容精练实用。全书分9章,内容包括制图的基本知识、投影的基本原理及三视图、组合体视图及尺寸标注、机件常用的表达方法、轴测图、标准件和常用件、零件图、装配图等。
606 0  @a工程制图@AGong Cheng Zhi Tu@x计算机制图@x高等学校@j教材
690    @aTB237@v4
701  0 @a胡正飞@AHu Zheng Fei@4主编
701  0 @a窦军@ADou Jun@4主编
801  2 @aCN@b北京卓展@c20191020
905    @b1204675-7@dTB237@e209=2@f3
    
    工程制图与计算机辅助设计/胡正飞, 窦军主编.-第2版.-北京:人民邮电出版社,2018
    372页:图;26cm
    21世纪高等学校规划教材
    
    ISBN 978-7-115-30786-6:CNY46.00
    本书是根据高等院校通信类、电子类专业的特点,采用最新颁布的国家标准编写而成的,内容精练实用。全书分9章,内容包括制图的基本知识、投影的基本原理及三视图、组合体视图及尺寸标注、机件常用的表达方法、轴测图、标准件和常用件、零件图、装配图等。
●
相关链接 在E读中查询图书 在五车中查询图书 在当当中查询图书 在豆瓣中查询图书


正题名:工程制图与计算机辅助设计     索取号:TB237/209=2         预约/预借

序号 登录号 条形码 馆藏地/架位号 状态 备注
1 1204675   212046757   第二样本阅览室/ [索取号:TB237/209=2] 在馆    
2 1204676   212046766   第三借阅区/ [索取号:TB237/209=2] 在馆    
3 1204677   212046775   第三借阅区/ [索取号:TB237/209=2] 在馆    
唐山师范学院图书馆 欢迎您!
大连网信软件有限公司© 版权所有